000 00893nam a2200277 a 4500
001 68416
003 BD-RjUL
005 20211209081754.0
008 100403s1979 enkab b 001 0 eng d
020 _a0844804029
035 _a(BD-RjUL)68626
040 _cYSM
_dMYG
_aBD-RjUL
_beng
041 _aeng
082 _223
_a551.4601
_bKII 1979
090 _aGC11
_b.K523 1975
099 _aGC11.K523 1975
100 1 _aKing, Cuchlaine A. M.
_9202834
245 1 0 _aIntroduction to physical and biological oceanography /
_cCuchlaine A. M. King.
260 _aLondon :
_bCrane Russak,
_c1975 [reprinted 1979]
300 _a372 p. :
_bill. ;
_c24 cm.
500 _aThis is a fully rev. ed. of the second part of Oceanography for Geographers, first published, 1962.
500 _aIncludes index.
504 _aBibliography: p. [345]-361.
650 0 _aOceanography.
_9202835
942 _2ddc
_cBK
999 _c68416
_d68416